Collectanea Doctorum, tam veterum quam recentiorum, in Jus Pontificivm Vniversvm. Tomus Secundus
Saved in:
| Hovedforfatter: | |
|---|---|
| Format: | Bog |
| Sprog: | latin |
| Udgivet: |
Lyon
Petri Borde, J. y Petri Arnaud
1688
|
| Udgivelse: | 1a. ed |
| Fag: | |
| Tags: |
Tilføj Tag
Ingen Tags, Vær først til at tagge denne postø!
|
MARC
| LEADER | 00000nam a2200000 a 4500 | ||
|---|---|---|---|
| 001 | UCJ8311 | ||
| 003 | CL-VaPUC | ||
| 008 | 070124e16880000FR |||||||||||||||||lat|d | ||
| 082 | 0 | 4 | |a 090 |b BAR |2 21 |
| 100 | 0 | |a Barbosa, Agustín |e author |9 517075 | |
| 245 | 1 | 0 | |a Collectanea Doctorum, tam veterum quam recentiorum, in Jus Pontificivm Vniversvm. Tomus Secundus |
| 250 | |a 1a. ed | ||
| 300 | |a 619 p | ||
| 942 | |c BK | ||
| 945 | |d 20070124 00:00:00 |a rinostro | ||
| 260 | |a Lyon |b Petri Borde, J. y Petri Arnaud |c 1688 | ||
| 500 | |a Folio, pergamino.- h. prel.- Port. a dos tintas.- v.: bl | ||
| 650 | 7 | |a LIBRO RARO |2 CL-VaPUC |9 504169 | |
| 650 | 7 | |a DERECHO CANONICO |2 CL-VaPUC |9 517076 | |
| 650 | 7 | |a DESCRIPCION BIBLIOFILICA |2 CL-VaPUC |9 504580 | |
| 583 | |a last modification |c 20070124 00:00:00 |k Rodrigo Vera | ||
| 999 | |c 324081 |d 324079 | ||
| 952 | |0 0 |1 0 |4 0 |6 090_000000000000000_BAR_1688 |7 0 |8 X |9 403987 |a FDOBUD |b FDOBUD |d 2019-11-22 |i 1075802 |o 090 BAR 1688 |p 1075802 |r 2019-11-22 |w 2019-11-22 |y BK_X |k BUD | ||